NCAA Men's Lacrosse - Every Playoff Team - Statistics

General Stats
  • This quiz has been taken 373 times
    228 since last reset
  • The average score is 30 of 57
Answer Stats
app School app School % Correct
39 Syracuse
95%
45 Maryland
92%
27 Notre Dame
92%
26 Duke 0 St. John's
90%
33 North Carolina
88%
43 Virginia
88%
49 Johns Hopkins
84%
23 Princeton
84%
14 Pennsylvania
83%
12 Yale
83%
30 Cornell 0 Mercer
81%
7 Harvard
78%
7 Ohio St
78%
18 Army 0 Cleveland St
77%
27 Navy
77%
2 Michigan
76%
7 Penn St
76%
13 Denver 0 NJIT
72%
16 Towson
66%
14 Brown 0 Holy Cross
65%
17 Georgetown 0 Virginia Military
65%
27 Loyola
63%
11 Albany 0 Binghamton
62%
1 Dartmouth 0 Merrimack
61%
20 Massachusetts
61%
7 Rutgers
61%
5 Air Force 0 Bellarmine
59%
4 Richmond
55%
4 Lehigh
48%
8 Delaware
47%
2 Utah
46%
3 Providence
45%
14 UMBC
43%
3 Colgate 0 UMass Lowell
41%
1 Boston U 0 Hampton
39%
2 Vermont
39%
1 High Point
37%
17 Hofstra
37%
18 Hobart
35%
3 Stony Brook
35%
2 Marquette
34%
2 Bucknell 0 Lafayette
33%
2 Manhatten
32%
4 Bryant 0 Jacksonville
31%
2 Saint Joseph's
31%
2 Fairfield
29%
4 Marist
28%
1 Sacred Heart
28%
3 Siena
28%
3 Robert Morris
27%
2 Drexel 0 St. Bonaventure
26%
3 Canisius 0 Long Island
22%
2 Monmouth
22%
1 Detroit Mercy
21%
1 Quinnipiac
21%
2 Mount St. Mary's
19%
2 Hartford 0 Wagner
11%
No matching quizzes found
Score Distribution
Percent of People with Each Score
Percentile by Number Answered
Your Score History
You have not taken this quiz since the last reset